00286 a2200121 4500001000700000040003500007100001500042240004400057245003900101300000700140362000900147440000800156157525 cEscola São Tomás de Aquino aUSAI, Remo10aSeu flautim na praça da harmonialpor10aSeu flautim na praça da harmonia a440 a2011 1aRHJ